000 00745 a2200277 4500
260 _aParis
630 _a61 - Sciences medicales. Hygiene. Pharmacie
037 _bAchat
650 _a6 - SCIENCES APPLIQUEES
100 _aRumeau-Rouquette, Claude
700 _aBréart, Gérard
700 _aPadieu, René
260 _bFlammarion Médecine-Sciences
245 _aMéthodes en épidémiologie : échantillonnage, investigations, analyse
300 _a398 p.
650 _aDiagnostics des maladies
260 _c1985
300 _b24 cm
100 _lFr
440 _aCollection statistique en biologie et en Médecine
037 _aDE 4456
250 _a3e éd.
020 _a2-257-13377-3
999 _c33674
_d33674